[Event "448. Wednesday (05.08.2020)"]
[Site "Official B"]
[Date "2020.08.05"]
[Round "9"]
[White "Hühnersuppe"]
[Black "Oliverfab"]
[Result "1-0"]
[WhiteElo "1786"]
[BlackElo "1885"]
[Annotator "NA"]
[PlyCount "93"]
[EventDate "2020.08.05"]
[EventType "swiss (blitz)"]
[BlackTeam "SV Laatzen"]

{- Fábregas, Oliver (1915)} 1. d4 {[%emt 0:00:07]} Nf6 {[%emt 0:00:02]} 2. c4 {[%emt 0:00:04]} c5 {[%emt 0:00:03]} 3. d5 {[%emt 0:00:02]} b5 {[%emt 0:00:02]} 4. e3 {[%emt 0:00:04]} bxc4 {[%emt 0:00:05]} 5. Bxc4 {[%emt 0:00:02]} d6 {[%emt 0:00:03]} 6. Nc3 {[%emt 0:00:03]} g6 {[%emt 0:00:01]} 7. e4 {[%emt 0:00:04]} Nbd7 {[%emt 0:00:02]} 8. f4 {[%emt 0:00:02]} Bg7 {[%emt 0:00:01]} 9. Nf3 {[%emt 0:00:03]} Nb6 {[%emt 0:00:02]} 10. Be2 {[%emt 0:00:04]} O-O {[%emt 0:00:05]} 11. O-O {[%emt 0:00:01]} Nfd7 {[%emt 0:00:16]} 12. Be3 {[%emt 0:00:15]} Bb7 {[%emt 0:00:06]} 13. g4 {[%emt 0:00:05]} a6 {[%emt 0:00:10]} 14. h4 {[%emt 0:00:02]} Qc7 {[%emt 0:00:12]} 15. g5 {[%emt 0:00:03]} e5 {[%emt 0:00:05]} 16. Kg2 {[%emt 0:00:05]} exf4 {[%emt 0:00:02]} 17. Bxf4 {[%emt 0:00:03]} Rfe8 {[%emt 0:00:08]} 18. h5 {[%emt 0:00:03]} Ne5 {[%emt 0:00:05]} 19. hxg6 {[%emt 0:00:06]} hxg6 {[%emt 0:00:04]} 20. Rh1 {[%emt 0:00:02]} Nbd7 {[%emt 0:00:10]} 21. Qe1 {[%emt 0:00:08]} f5 {[%emt 0:00:29]} 22. gxf6 {[%emt 0:00:05]} Nxf6 {[%emt 0:00:05]} 23. Nxe5 {[%emt 0:00:04]} dxe5 {[%emt 0:00:02]} 24. Bh6 {[%emt 0:00:03]} Nxe4 {[%emt 0:00:23]} 25. Bf3 {[%emt 0:00:13]} Nxc3 {[%emt 0:00:06]} 26. bxc3 {[%emt 0:00:05]} Rad8 {[%emt 0:00:25]} 27. c4 {[%emt 0:00:04]} Qe7 {[%emt 0:00:10]} 28. Qe4 {[%emt 0:00:03]} Bxh6 {[%emt 0:00:18]} 29. Qxg6+ {[%emt 0:00:03]} Qg7 {[%emt 0:00:11]} 30. Rxh6 {[%emt 0:00:03]} Qxg6+ {[%emt 0:00:01]} 31. Rxg6+ {[%emt 0:00:01]} Kf7 {[%emt 0:00:01]} 32. Rh6 {[%emt 0:00:05]} Rg8+ {[%emt 0:00:02]} 33. Kf2 {[%emt 0:00:02]} Rde8 {[%emt 0:00:13]} 34. Rh7+ {[%emt 0:00:06]} Kf6 {[%emt 0:00:06]} 35. Rxb7 {[%emt 0:00:03]} e4 {[%emt 0:00:01]} 36. Be2 {[%emt 0:00:02]} Ke5 {[%emt 0:00:02]} 37. Rg1 {[%emt 0:00:04]} Rgf8+ {[%emt 0:00:02]} 38. Ke3 {[%emt 0:00:02]} Rf5 {[%emt 0:00:07]} 39. Rgg7 {[%emt 0:00:04]} Rf6 {[%emt 0:00:05]} 40. Rge7+ {[%emt 0:00:04]} Rxe7 {[%emt 0:00:01]} 41. Rxe7+ {[%emt 0:00:01]} Kf5 {[%emt 0:00:01]} 42. Rxe4 {[%emt 0:00:03]} Rh6 {[%emt 0:00:03]} 43. Rf4+ {[%emt 0:00:03]} Ke5 {[%emt 0:00:01]} 44. Rf8 {[%emt 0:00:06]} Rh3+ {[%emt 0:00:01]} 45. Kd2 {[%emt 0:00:02]} Kd4 {[%emt 0:00:01]} 46. d6 {[%emt 0:00:01]} Rh6 {[%emt 0:00:03]} 47. d7 {[%emt 0:00:02] Oliverfab gibt auf (Lag: Av=1.21s, max=1.8s)} 1-0

[Event "448. Wednesday (05.08.2020)"]
[Site "Official B"]
[Date "2020.08.05"]
[Round "9"]
[White "Inter_slo"]
[Black "AmberKnight"]
[Result "0-1"]
[WhiteElo "1742"]
[BlackElo "1710"]
[Annotator "NA"]
[PlyCount "70"]
[EventDate "2020.08.05"]
[EventType "swiss (blitz)"]

{- Burke, Steve} 1. e4 {[%emt 0:00:16]} c6 {[%emt 0:00:01]} 2. Nf3 {[%emt 0:00:02]} d5 {[%emt 0:00:00]} 3. e5 {[%emt 0:00:03]} Bf5 {[%emt 0:00:04]} 4. d4 {[%emt 0:00:02]} e6 {[%emt 0:00:05]} 5. Bd3 {[%emt 0:00:02]} Bxd3 {[%emt 0:00:02]} 6. Qxd3 {[%emt 0:00:02]} Nd7 {[%emt 0:00:09]} 7. O-O {[%emt 0:00:03]} h6 {[%emt 0:00:07]} 8. h3 {[%emt 0:00:01]} g5 {[%emt 0:00:12]} 9. Nh2 {[%emt 0:00:03]} c5 {[%emt 0:00:15]} 10. c3 {[%emt 0:00:03]} Qb6 {[%emt 0:00:12]} 11. b3 {[%emt 0:00:05]} Ne7 {[%emt 0:00:15]} 12. f4 {[%emt 0:00:03]} Nf5 {[%emt 0:00:10]} 13. g4 {[%emt 0:00:04]} Nh4 {[%emt 0:00:02]} 14. f5 {[%emt 0:00:09]} Nxe5 {[%emt 0:00:02]} 15. Qg3 {[%emt 0:00:16]} cxd4 {[%emt 0:00:33]} 16. Qxe5 {[%emt 0:00:13]} Rg8 {[%emt 0:00:05]} 17. fxe6 {[%emt 0:00:16]} fxe6 {[%emt 0:00:10]} 18. Re1 {[%emt 0:00:41]} Kd7 {[%emt 0:00:22]} 19. Ba3 {[%emt 0:01:01]} Bg7 {[%emt 0:00:13]} 20. Qg3 {[%emt 0:00:04]} dxc3+ {[%emt 0:00:06]} 21. Kh1 {[%emt 0:00:08]} c2 {[%emt 0:00:15]} 22. Nc3 {[%emt 0:00:06]} Qc6 {[%emt 0:00:18]} 23. Bb2 {[%emt 0:00:14]} Rac8 {[%emt 0:00:11]} 24. Na4 {[%emt 0:00:09]} Bxb2 {[%emt 0:00:08]} 25. Nxb2 {[%emt 0:00:03]} d4+ {[%emt 0:00:04]} 26. Kg1 {[%emt 0:00:22]} c1=Q {[%emt 0:00:18]} 27. Nd3 {[%emt 0:00:06]} Qxe1+ {[%emt 0:00:19]} 28. Rxe1 {[%emt 0:00:05]} Ng6 {[%emt 0:00:00]} 29. Ne5+ {[%emt 0:00:03]} Nxe5 {[%emt 0:00:01]} 30. Qxe5 {[%emt 0:00:01]} Qd5 {[%emt 0:00:01]} 31. Qe2 {[%emt 0:00:02]} Rc3 {[%emt 0:00:02]} 32. Nf3 {[%emt 0:00:01]} Rxf3 {[%emt 0:00:02]} 33. Rc1 {[%emt 0:00:03]} Rg3+ {[%emt 0:00:02]} 34. Kf1 {[%emt 0:00:02]} Rf8+ {[%emt 0:00:02]} 35. Ke1 {[%emt 0:00:01]} Re3 {[%emt 0:00:01] Èas (Lag: Av=0.50s, max=1.2s)} 0-1

[Event "448. Wednesday (05.08.2020)"]
[Site "Official B"]
[Date "2020.08.05"]
[Round "9"]
[White "Halligalli1601"]
[Black "Dagobert52"]
[Result "1-0"]
[WhiteElo "1732"]
[BlackElo "1538"]
[Annotator "NA"]
[PlyCount "87"]
[EventDate "2020.08.05"]
[EventType "swiss (blitz)"]

1. e4 {[%emt 0:00:03]} Nf6 {[%emt 0:00:03]} 2. e5 {[%emt 0:00:03]} Nd5 {[%emt 0:00:01]} 3. Nc3 {[%emt 0:00:02]} c6 {[%emt 0:00:04]} 4. Bc4 {[%emt 0:00:07]} Nxc3 {[%emt 0:00:03]} 5. dxc3 {[%emt 0:00:01]} d5 {[%emt 0:00:01]} 6. exd6 {[%emt 0:00:02]} exd6 {[%emt 0:00:02]} 7. Bf4 {[%emt 0:00:02]} d5 {[%emt 0:00:02]} 8. Bb3 {[%emt 0:00:06]} Bd6 {[%emt 0:00:04]} 9. Qd2 {[%emt 0:00:03]} Bxf4 {[%emt 0:00:09]} 10. Qxf4 {[%emt 0:00:02]} O-O {[%emt 0:00:02]} 11. O-O-O {[%emt 0:00:02]} a5 {[%emt 0:00:06]} 12. a3 {[%emt 0:00:08]} Be6 {[%emt 0:00:02]} 13. c4 {[%emt 0:00:02]} a4 {[%emt 0:00:19]} 14. Ba2 {[%emt 0:00:01]} b5 {[%emt 0:00:27]} 15. cxd5 {[%emt 0:00:13]} cxd5 {[%emt 0:00:04]} 16. Nf3 {[%emt 0:00:06]} Na6 {[%emt 0:00:05]} 17. Nd4 {[%emt 0:00:06]} b4 {[%emt 0:00:02]} 18. Nxe6 {[%emt 0:00:11]} fxe6 {[%emt 0:00:02]} 19. Qe3 {[%emt 0:00:01]} Qf6 {[%emt 0:00:08]} 20. axb4 {[%emt 0:00:18]} Nxb4 {[%emt 0:00:02]} 21. Bb1 {[%emt 0:00:01]} a3 {[%emt 0:00:24]} 22. bxa3 {[%emt 0:00:03]} Nc6 {[%emt 0:00:12]} 23. Rhe1 {[%emt 0:00:08]} Rfe8 {[%emt 0:00:08]} 24. Qc5 {[%emt 0:00:44]} Ne5 {[%emt 0:00:15]} 25. Qd4 {[%emt 0:00:05]} Qg5+ {[%emt 0:00:14]} 26. f4 {[%emt 0:00:02]} Nc6 {[%emt 0:00:17]} 27. fxg5 {[%emt 0:00:03]} Nxd4 {[%emt 0:00:01]} 28. Rxd4 {[%emt 0:00:01]} Rxa3 {[%emt 0:00:01]} 29. Rxd5 {[%emt 0:00:01]} Rc8 {[%emt 0:00:03]} 30. Rd7 {[%emt 0:00:07]} Ra5 {[%emt 0:00:08]} 31. Rxe6 {[%emt 0:00:04]} Rxg5 {[%emt 0:00:02]} 32. g3 {[%emt 0:00:02]} Rb8 {[%emt 0:00:06]} 33. Ree7 {[%emt 0:00:04]} h6 {[%emt 0:00:10]} 34. Ba2+ {[%emt 0:00:06]} Kh8 {[%emt 0:00:02]} 35. Bc4 {[%emt 0:00:02]} Kh7 {[%emt 0:00:07]} 36. Bd3+ {[%emt 0:00:01]} Kh8 {[%emt 0:00:01]} 37. Rd6 {[%emt 0:00:13]} Kg8 {[%emt 0:00:02]} 38. Rde6 {[%emt 0:00:03]} Kf8 {[%emt 0:00:02]} 39. Re5 {[%emt 0:00:08]} Rg4 {[%emt 0:00:03]} 40. Re4 {[%emt 0:00:08]} Rg5 {[%emt 0:00:03]} 41. R7e5 {[%emt 0:00:01]} Rg6 {[%emt 0:00:09]} 42. Re8+ {[%emt 0:00:01]} Rxe8 {[%emt 0:00:02]} 43. Rxe8+ {[%emt 0:00:01]} Kxe8 {[%emt 0:00:01]} 44. Bxg6+ {[%emt 0:00:01] Dagobert52 gibt auf (Lag: Av=0.64s, max=1.1s)} 1-0

[Event "448. Wednesday (05.08.2020)"]
[Site "Official B"]
[Date "2020.08.05"]
[Round "9"]
[White "Ppngh"]
[Black "Verteidigung"]
[Result "1-0"]
[WhiteElo "1707"]
[BlackElo "1473"]
[Annotator "NA"]
[PlyCount "59"]
[EventDate "2020.08.05"]
[EventType "swiss (blitz)"]

1. e4 {[%emt 0:00:02]} c6 {[%emt 0:00:02]} 2. d4 {[%emt 0:00:01]} d5 {[%emt 0:00:00]} 3. f3 {[%emt 0:00:07]} dxe4 {[%emt 0:00:06]} 4. fxe4 {[%emt 0:00:02]} Nf6 {[%emt 0:00:04]} 5. Nc3 {[%emt 0:00:03]} g6 {[%emt 0:00:02]} 6. Nf3 {[%emt 0:00:04]} Bg7 {[%emt 0:00:02]} 7. Bd3 {[%emt 0:00:04]} Bg4 {[%emt 0:00:02]} 8. Be3 {[%emt 0:00:02]} Bxf3 {[%emt 0:00:11]} 9. Qxf3 {[%emt 0:00:04]} O-O {[%emt 0:00:03]} 10. e5 {[%emt 0:00:04]} Nd5 {[%emt 0:00:02]} 11. Nxd5 {[%emt 0:00:01]} Qxd5 {[%emt 0:00:11]} 12. Qxd5 {[%emt 0:00:18]} cxd5 {[%emt 0:00:00]} 13. O-O {[%emt 0:00:02]} e6 {[%emt 0:00:02]} 14. c4 {[%emt 0:00:07]} dxc4 {[%emt 0:00:11]} 15. Bxc4 {[%emt 0:00:02]} Nc6 {[%emt 0:00:06]} 16. a3 {[%emt 0:00:03]} Rac8 {[%emt 0:00:21]} 17. Rac1 {[%emt 0:00:03]} Rfd8 {[%emt 0:00:18]} 18. Rfd1 {[%emt 0:00:03]} a6 {[%emt 0:00:17]} 19. b4 {[%emt 0:00:05]} b5 {[%emt 0:00:09]} 20. Be2 {[%emt 0:00:02]} Ne7 {[%emt 0:00:08]} 21. Rc5 {[%emt 0:00:22]} Nd5 {[%emt 0:00:23]} 22. Bg5 {[%emt 0:00:13]} Rxc5 {[%emt 0:00:12]} 23. dxc5 {[%emt 0:00:05]} Rc8 {[%emt 0:00:07]} 24. Bf6 {[%emt 0:00:23]} Nc3 {[%emt 0:01:24]} 25. Re1 {[%emt 0:00:12]} Bxf6 {[%emt 0:00:02]} 26. exf6 {[%emt 0:00:03]} Rd8 {[%emt 0:00:03]} 27. Bf3 {[%emt 0:00:06]} Rd3 {[%emt 0:00:08]} 28. c6 {[%emt 0:00:06]} Nd5 {[%emt 0:00:03]} 29. Bxd5 {[%emt 0:00:14]} Rxd5 {[%emt 0:00:06]} 30. c7 {[%emt 0:00:01] Verteidigung gibt auf (Lag: Av=0.67s, max=5.2s)} 1-0

[Event "448. Wednesday (05.08.2020)"]
[Site "Official B"]
[Date "2020.08.05"]
[Round "9"]
[White "Reingames"]
[Black "Belmonte"]
[Result "1-0"]
[WhiteElo "1687"]
[BlackElo "1453"]
[Annotator "NA"]
[PlyCount "79"]
[EventDate "2020.08.05"]
[EventType "swiss (blitz)"]

1. e4 {[%emt 0:00:01]} c5 {[%emt 0:00:02]} 2. c4 {[%emt 0:00:02]} d6 {[%emt 0:00:01]} 3. Nc3 {[%emt 0:00:02]} Nc6 {[%emt 0:00:01]} 4. g3 {[%emt 0:00:01]} g6 {[%emt 0:00:02]} 5. Bg2 {[%emt 0:00:01]} Bg7 {[%emt 0:00:00]} 6. Nge2 {[%emt 0:00:02]} Nf6 {[%emt 0:00:04]} 7. d3 {[%emt 0:00:02]} O-O {[%emt 0:00:02]} 8. O-O {[%emt 0:00:01]} a6 {[%emt 0:00:05]} 9. h3 {[%emt 0:00:02]} Bd7 {[%emt 0:00:02]} 10. a3 {[%emt 0:00:03]} Qc8 {[%emt 0:00:03]} 11. Kh2 {[%emt 0:00:01]} Ne5 {[%emt 0:00:12]} 12. f4 {[%emt 0:00:02]} Nc6 {[%emt 0:00:02]} 13. Rb1 {[%emt 0:00:02]} Rb8 {[%emt 0:00:03]} 14. b4 {[%emt 0:00:03]} Re8 {[%emt 0:00:10]} 15. b5 {[%emt 0:00:03]} axb5 {[%emt 0:00:02]} 16. cxb5 {[%emt 0:00:02]} Nd4 {[%emt 0:00:10]} 17. Nxd4 {[%emt 0:00:02]} cxd4 {[%emt 0:00:01]} 18. Ne2 {[%emt 0:00:00]} e5 {[%emt 0:00:03]} 19. a4 {[%emt 0:00:12]} exf4 {[%emt 0:00:15]} 20. Bxf4 {[%emt 0:00:07]} d5 {[%emt 0:00:15]} 21. Bxb8 {[%emt 0:00:10]} Qxb8 {[%emt 0:00:04]} 22. exd5 {[%emt 0:00:07]} Nh5 {[%emt 0:00:14]} 23. Nf4 {[%emt 0:00:09]} Nf6 {[%emt 0:00:23]} 24. Qf3 {[%emt 0:00:09]} h5 {[%emt 0:00:17]} 25. Rbe1 {[%emt 0:00:07]} Rxe1 {[%emt 0:00:05]} 26. Rxe1 {[%emt 0:00:03]} Bh6 {[%emt 0:00:06]} 27. Nxg6 {[%emt 0:00:17]} Kg7 {[%emt 0:00:31]} 28. Ne5 {[%emt 0:00:19]} Bc8 {[%emt 0:00:26]} 29. Rf1 {[%emt 0:00:06]} Bg5 {[%emt 0:00:14]} 30. Nc4 {[%emt 0:00:08]} h4 {[%emt 0:00:22]} 31. d6 {[%emt 0:00:17]} hxg3+ {[%emt 0:00:07]} 32. Qxg3 {[%emt 0:00:03]} Kg6 {[%emt 0:00:09]} 33. Ne5+ {[%emt 0:00:17]} Kh5 {[%emt 0:00:09]} 34. Bf3+ {[%emt 0:00:07]} Kh6 {[%emt 0:00:06]} 35. Nxf7+ {[%emt 0:00:02]} Kg6 {[%emt 0:00:03]} 36. Qxg5+ {[%emt 0:00:06]} Kxf7 {[%emt 0:00:04]} 37. Bd5+ {[%emt 0:00:01]} Be6 {[%emt 0:00:02]} 38. Qxf6+ {[%emt 0:00:02]} Ke8 {[%emt 0:00:02]} 39. Qxe6+ {[%emt 0:00:01]} Kd8 {[%emt 0:00:02]} 40. Rf8# {[%emt 0:00:02] (Lag: Av=0.49s, max=0.8s)} 1-0

[Event "448. Wednesday (05.08.2020)"]
[Site "Official B"]
[Date "2020.08.05"]
[Round "9"]
[White "Gaius Bonus"]
[Black "Flaviao"]
[Result "0-1"]
[WhiteElo "1625"]
[BlackElo "1577"]
[Annotator "NA"]
[PlyCount "92"]
[EventDate "2020.08.05"]
[EventType "swiss (blitz)"]

1. e4 {[%emt 0:00:01]} d6 {[%emt 0:00:01]} 2. f4 {[%emt 0:00:00]} c6 {[%emt 0:00:01]} 3. d3 {[%emt 0:00:01]} e5 {[%emt 0:00:01]} 4. fxe5 {[%emt 0:00:01]} dxe5 {[%emt 0:00:01]} 5. Nf3 {[%emt 0:00:00]} Be7 {[%emt 0:00:02]} 6. Be2 {[%emt 0:00:00]} Bh4+ {[%emt 0:00:03]} 7. g3 {[%emt 0:00:02]} Bf6 {[%emt 0:00:02]} 8. Be3 {[%emt 0:00:01]} Ne7 {[%emt 0:00:02]} 9. Nc3 {[%emt 0:00:00]} Ng6 {[%emt 0:00:02]} 10. Qd2 {[%emt 0:00:01]} O-O {[%emt 0:00:02]} 11. O-O-O {[%emt 0:00:01]} Be6 {[%emt 0:00:05]} 12. Kb1 {[%emt 0:00:01]} b5 {[%emt 0:00:03]} 13. Rdg1 {[%emt 0:00:02]} Nd7 {[%emt 0:00:09]} 14. h3 {[%emt 0:00:06]} a5 {[%emt 0:00:09]} 15. g4 {[%emt 0:00:01]} Nf4 {[%emt 0:00:03]} 16. g5 {[%emt 0:00:03]} Nxe2 {[%emt 0:00:05]} 17. Qxe2 {[%emt 0:00:01]} Be7 {[%emt 0:00:05]} 18. h4 {[%emt 0:00:03]} g6 {[%emt 0:00:01]} 19. h5 {[%emt 0:00:01]} b4 {[%emt 0:00:05]} 20. Nd1 {[%emt 0:00:03]} a4 {[%emt 0:00:09]} 21. hxg6 {[%emt 0:00:02]} fxg6 {[%emt 0:00:02]} 22. Rh2 {[%emt 0:00:09]} b3 {[%emt 0:00:19]} 23. c4 {[%emt 0:00:04]} bxa2+ {[%emt 0:00:03]} 24. Ka1 {[%emt 0:00:00]} Nc5 {[%emt 0:00:21]} 25. Rgh1 {[%emt 0:00:03]} Nb3+ {[%emt 0:00:02]} 26. Kxa2 {[%emt 0:00:03]} Bc5 {[%emt 0:00:10]} 27. Bxc5 {[%emt 0:00:03]} Nc1+ {[%emt 0:00:01]} 28. Kb1 {[%emt 0:00:02]} Nxe2 {[%emt 0:00:01]} 29. Rxe2 {[%emt 0:00:01]} Rxf3 {[%emt 0:00:03]} 30. Reh2 {[%emt 0:00:04]} Rf7 {[%emt 0:00:03]} 31. Ba3 {[%emt 0:00:03]} Qxd3+ {[%emt 0:00:01]} 32. Ka1 {[%emt 0:00:02]} Qxc4 {[%emt 0:00:02]} 33. Nc3 {[%emt 0:00:02]} Rb8 {[%emt 0:00:10]} 34. Kb1 {[%emt 0:00:03]} Qxc3 {[%emt 0:00:08]} 35. Bd6 {[%emt 0:00:06]} Qd3+ {[%emt 0:00:07]} 36. Kc1 {[%emt 0:00:03]} Qxd6 {[%emt 0:00:15]} 37. Rd2 {[%emt 0:00:01]} Qc5+ {[%emt 0:00:03]} 38. Rc2 {[%emt 0:00:01]} Qe3+ {[%emt 0:00:05]} 39. Kb1 {[%emt 0:00:02]} Qxe4 {[%emt 0:00:01]} 40. Kc1 {[%emt 0:00:03]} Qxh1+ {[%emt 0:00:02]} 41. Kd2 {[%emt 0:00:01]} Rf2+ {[%emt 0:00:07]} 42. Kc3 {[%emt 0:00:02]} Rxc2+ {[%emt 0:00:01]} 43. Kxc2 {[%emt 0:00:02]} Qd5 {[%emt 0:00:04]} 44. Kc1 {[%emt 0:00:06]} Rb5 {[%emt 0:00:02]} 45. Kb1 {[%emt 0:00:01]} Qd3+ {[%emt 0:00:09]} 46. Ka1 {[%emt 0:00:01]} Qd1# {[%emt 0:00:02] (Lag: Av=0.68s, max=1.0s)} 0-1

[Event "448. Wednesday (05.08.2020)"]
[Site "Official B"]
[Date "2020.08.05"]
[Round "9"]
[White "Sadbat1122"]
[Black "Chessalex"]
[Result "0-1"]
[WhiteElo "1617"]
[BlackElo "1704"]
[Annotator "NA"]
[PlyCount "106"]
[EventDate "2020.08.05"]
[EventType "swiss (blitz)"]

1. e4 {[%emt 0:00:01]} c5 {[%emt 0:00:02]} 2. c3 {[%emt 0:00:02]} d6 {[%emt 0:00:03]} 3. d4 {[%emt 0:00:02]} cxd4 {[%emt 0:00:01]} 4. cxd4 {[%emt 0:00:01]} e6 {[%emt 0:00:01]} 5. Nf3 {[%emt 0:00:02]} Nf6 {[%emt 0:00:01]} 6. Bd3 {[%emt 0:00:02]} Be7 {[%emt 0:00:01]} 7. O-O {[%emt 0:00:03]} h6 {[%emt 0:00:02]} 8. e5 {[%emt 0:00:05]} Nd5 {[%emt 0:00:02]} 9. Nc3 {[%emt 0:00:06]} Nxc3 {[%emt 0:00:07]} 10. bxc3 {[%emt 0:00:02]} d5 {[%emt 0:00:01]} 11. Bc2 {[%emt 0:00:07]} b6 {[%emt 0:00:03]} 12. a4 {[%emt 0:00:08]} Nc6 {[%emt 0:00:02]} 13. Ba3 {[%emt 0:00:05]} Na5 {[%emt 0:00:02]} 14. Bxe7 {[%emt 0:00:05]} Qxe7 {[%emt 0:00:01]} 15. Re1 {[%emt 0:00:04]} Ba6 {[%emt 0:00:01]} 16. Qd2 {[%emt 0:00:08]} Nc4 {[%emt 0:00:05]} 17. Qf4 {[%emt 0:00:04]} Rc8 {[%emt 0:00:05]} 18. Rac1 {[%emt 0:00:06]} O-O {[%emt 0:00:31]} 19. Qg3 {[%emt 0:00:19]} Na3 {[%emt 0:00:02]} 20. Nh4 {[%emt 0:00:21]} Nxc2 {[%emt 0:00:04]} 21. Rxc2 {[%emt 0:00:04]} Qg5 {[%emt 0:00:01]} 22. Qxg5 {[%emt 0:00:04]} hxg5 {[%emt 0:00:01]} 23. Nf3 {[%emt 0:00:01]} g4 {[%emt 0:00:01]} 24. Nd2 {[%emt 0:00:03]} Bd3 {[%emt 0:00:02]} 25. Rcc1 {[%emt 0:00:03]} g5 {[%emt 0:00:02]} 26. Re3 {[%emt 0:00:06]} Ba6 {[%emt 0:00:03]} 27. Rg3 {[%emt 0:00:03]} Kg7 {[%emt 0:00:04]} 28. Rxg4 {[%emt 0:00:02]} Kh6 {[%emt 0:00:02]} 29. h4 {[%emt 0:00:05]} Rg8 {[%emt 0:00:03]} 30. hxg5+ {[%emt 0:00:04]} Rxg5 {[%emt 0:00:02]} 31. Rxg5 {[%emt 0:00:03]} Kxg5 {[%emt 0:00:01]} 32. f3 {[%emt 0:00:07]} Kf4 {[%emt 0:00:05]} 33. Kf2 {[%emt 0:00:02]} Rh8 {[%emt 0:00:05]} 34. g3+ {[%emt 0:00:03]} Kf5 {[%emt 0:00:01]} 35. Kg2 {[%emt 0:00:03]} Bd3 {[%emt 0:00:11]} 36. c4 {[%emt 0:00:20]} Rc8 {[%emt 0:00:03]} 37. c5 {[%emt 0:00:03]} bxc5 {[%emt 0:00:02]} 38. dxc5 {[%emt 0:00:10]} Kxe5 {[%emt 0:00:02]} 39. f4+ {[%emt 0:00:04]} Kd4 {[%emt 0:00:02]} 40. Nb3+ {[%emt 0:00:02]} Ke3 {[%emt 0:00:03]} 41. c6 {[%emt 0:00:09]} Bc4 {[%emt 0:00:01]} 42. Na5 {[%emt 0:00:04]} Kd4 {[%emt 0:00:02]} 43. Kf3 {[%emt 0:00:07]} Rc7 {[%emt 0:00:06]} 44. Rb1 {[%emt 0:00:06]} Kc5 {[%emt 0:00:04]} 45. Rb7 {[%emt 0:00:03]} Rc8 {[%emt 0:00:19]} 46. Rxf7 {[%emt 0:00:11]} Kb6 {[%emt 0:00:01]} 47. Nxc4+ {[%emt 0:00:24]} dxc4 {[%emt 0:00:01]} 48. Rb7+ {[%emt 0:00:15]} Kxc6 {[%emt 0:00:04]} 49. Rb2 {[%emt 0:00:08]} Kc5 {[%emt 0:00:02]} 50. Ke4 {[%emt 0:00:02]} Rd8 {[%emt 0:00:02]} 51. g4 {[%emt 0:00:02]} Rd4+ {[%emt 0:00:02]} 52. Ke5 {[%emt 0:00:01]} Rd1 {[%emt 0:00:02]} 53. g5 {[%emt 0:00:01]} c3 {[%emt 0:00:01] Time (Lag: Av=0.94s, max=1.6s)} 0-1

[Event "448. Wednesday (05.08.2020)"]
[Site "Official B"]
[Date "2020.08.05"]
[Round "9"]
[White "Ciberrocker"]
[Black "Martin Reiß"]
[Result "0-1"]
[WhiteElo "1610"]
[BlackElo "1772"]
[Annotator "NA"]
[PlyCount "76"]
[EventDate "2020.08.05"]
[EventType "swiss (blitz)"]

1. e4 {[%emt 0:00:04]} c6 {[%emt 0:00:01]} 2. Nc3 {[%emt 0:00:02]} d5 {[%emt 0:00:01]} 3. exd5 {[%emt 0:00:01]} cxd5 {[%emt 0:00:00]} 4. d4 {[%emt 0:00:01]} Bd7 {[%emt 0:00:02]} 5. Bf4 {[%emt 0:00:00]} e6 {[%emt 0:00:02]} 6. Qf3 {[%emt 0:00:01]} Nf6 {[%emt 0:00:01]} 7. Qg3 {[%emt 0:00:01]} Qb6 {[%emt 0:00:05]} 8. O-O-O {[%emt 0:00:02]} Nc6 {[%emt 0:00:04]} 9. f3 {[%emt 0:00:04]} Bb4 {[%emt 0:00:01]} 10. Qe1 {[%emt 0:00:03]} Nh5 {[%emt 0:00:10]} 11. Bd2 {[%emt 0:00:03]} Nf6 {[%emt 0:00:04]} 12. Kb1 {[%emt 0:00:02]} O-O-O {[%emt 0:00:01]} 13. Qe2 {[%emt 0:00:01]} Qxd4 {[%emt 0:00:14]} 14. Nb5 {[%emt 0:00:09]} Qb6 {[%emt 0:00:09]} 15. Bxb4 {[%emt 0:00:06]} Nxb4 {[%emt 0:00:02]} 16. Na3 {[%emt 0:00:05]} Kb8 {[%emt 0:00:07]} 17. Nh3 {[%emt 0:00:03]} Rc8 {[%emt 0:00:01]} 18. Nf4 {[%emt 0:00:04]} Ba4 {[%emt 0:00:12]} 19. b3 {[%emt 0:00:07]} Bd7 {[%emt 0:00:05]} 20. Nd3 {[%emt 0:00:05]} Qa5 {[%emt 0:00:09]} 21. Nxb4 {[%emt 0:00:04]} Qxb4 {[%emt 0:00:01]} 22. Kb2 {[%emt 0:00:00]} Qc3+ {[%emt 0:00:08]} 23. Kb1 {[%emt 0:00:05]} Rc7 {[%emt 0:00:03]} 24. Rc1 {[%emt 0:00:13]} Rhc8 {[%emt 0:00:02]} 25. Nb5 {[%emt 0:00:04]} Bxb5 {[%emt 0:00:02]} 26. Qxb5 {[%emt 0:00:00]} Nd7 {[%emt 0:00:12]} 27. Bd3 {[%emt 0:00:02]} a6 {[%emt 0:00:17]} 28. Qa4 {[%emt 0:00:06]} Nc5 {[%emt 0:00:02]} 29. Qf4 {[%emt 0:00:03]} Nxd3 {[%emt 0:00:06]} 30. cxd3 {[%emt 0:00:01]} Qxd3+ {[%emt 0:00:01]} 31. Kb2 {[%emt 0:00:02]} Qe2+ {[%emt 0:00:12]} 32. Rc2 {[%emt 0:00:03]} Qxc2+ {[%emt 0:00:06]} 33. Ka3 {[%emt 0:00:03]} f6 {[%emt 0:00:06]} 34. h4 {[%emt 0:00:05]} Ka8 {[%emt 0:00:02]} 35. h5 {[%emt 0:00:03]} Qxg2 {[%emt 0:00:04]} 36. Rh2 {[%emt 0:00:07]} Qg5 {[%emt 0:00:08]} 37. Qd6 {[%emt 0:00:02]} Qe5 {[%emt 0:00:03]} 38. Qb4 {[%emt 0:00:04]} Qxh2 {[%emt 0:00:02] Ciberrocker rinde (Lag: Av=0.44s, max=0.6s)} 0-1

[Event "448. Wednesday (05.08.2020)"]
[Site "Official B"]
[Date "2020.08.05"]
[Round "9"]
[White "KDK"]
[Black "W Nelles"]
[Result "1-0"]
[WhiteElo "1567"]
[BlackElo "1367"]
[Annotator "NA"]
[PlyCount "49"]
[EventDate "2020.08.05"]
[EventType "swiss (blitz)"]

1. e4 {[%emt 0:00:02]} e5 {[%emt 0:00:02]} 2. f4 {[%emt 0:00:01]} Nc6 {[%emt 0:00:01]} 3. Nf3 {[%emt 0:00:01]} exf4 {[%emt 0:00:01]} 4. d4 {[%emt 0:00:03]} d6 {[%emt 0:00:04]} 5. Bxf4 {[%emt 0:00:01]} Bg4 {[%emt 0:00:02]} 6. Be2 {[%emt 0:00:03]} Bxf3 {[%emt 0:00:02]} 7. Bxf3 {[%emt 0:00:02]} Nf6 {[%emt 0:00:01]} 8. Nc3 {[%emt 0:00:04]} Be7 {[%emt 0:00:01]} 9. O-O {[%emt 0:00:02]} h6 {[%emt 0:00:05]} 10. Qd2 {[%emt 0:00:02]} g5 {[%emt 0:00:01]} 11. Be3 {[%emt 0:00:06]} g4 {[%emt 0:00:04]} 12. Be2 {[%emt 0:00:02]} h5 {[%emt 0:00:02]} 13. Bb5 {[%emt 0:00:19]} a6 {[%emt 0:00:03]} 14. Ba4 {[%emt 0:00:02]} b5 {[%emt 0:00:02]} 15. Bb3 {[%emt 0:00:02]} b4 {[%emt 0:00:08]} 16. Nd5 {[%emt 0:00:02]} a5 {[%emt 0:00:06]} 17. Ba4 {[%emt 0:00:08]} Nxe4 {[%emt 0:00:06]} 18. Bxc6+ {[%emt 0:00:09]} Kf8 {[%emt 0:00:05]} 19. Qd3 {[%emt 0:00:08]} Ra6 {[%emt 0:00:13]} 20. Qxe4 {[%emt 0:00:12]} Rxc6 {[%emt 0:00:04]} 21. Nxe7 {[%emt 0:00:10]} Qxe7 {[%emt 0:00:05]} 22. Qxc6 {[%emt 0:00:07]} Qxe3+ {[%emt 0:00:01]} 23. Kh1 {[%emt 0:00:02]} Rh6 {[%emt 0:00:07]} 24. Qxc7 {[%emt 0:00:06]} g3 {[%emt 0:00:09]} 25. Qxf7# {[%emt 0:00:04] (Lag: Av=0.66s, max=0.9s)} 1-0